| 000 | 01540 a2200289 4500 | ||
|---|---|---|---|
| 003 | OSt | ||
| 005 | 20180116192400.0 | ||
| 008 | 120702t xxu||||| |||| 00| 0 eng d | ||
| 010 | _a 2005285126 | ||
| 020 | _a0714843784 (pbk.) | ||
| 020 | _a9780714843780 | ||
| 040 | _c0 | ||
| 082 | 0 | 0 | _a745.2 |
| 100 | 1 |
_aFletcher, Alan. _95249 |
|
| 245 | 1 | 0 |
_aBeware wet paint / _cdesigns by Alan Fletcher ; commentary by Jeremy Myerson. |
| 250 | _a[Pbk. ed.]. | ||
| 260 |
_aLondon ; _aNew York, NY : _bPhaidon Press, _c1996 |
||
| 300 |
_a266 p. : _bill. (some col.) ; _c25 cm. |
||
| 500 | _a"Beware wet paint Designs by Alan Fletcher presents graphic design from the hands and thoughts of a contemporary master. These are demonstrated with 250 examples of work produced for major clients around the world, or just for his own amusement. Grouped into thematic chapters, the examples show his concepts and references, his lithe and lateral jumps, his ability to fuse interpretation, aesthetics and function with apparent ease. Personal observations and four essays give further critical and biographical insight into the work, and the man. Each of the designs is accompanied with a commentary by Jeremy Myerson"--Dust jkt. spine. | ||
| 600 | 1 | 0 |
_aFletcher, Alan _xThemes, motives. _95250 |
| 650 | 1 | 0 |
_aIndustrial design _95251 |
| 650 | 1 | 0 |
_aIndustrial art _95252 |
| 650 | 1 | 0 |
_aDesign, Industrial _95253 |
| 700 | 1 |
_aMyerson, Jeremy. _95254 |
|
| 942 |
_aSADA _cBK _k745.2 FLE 1996 _2ddc |
||
| 999 |
_c353282 _d353282 |
||